[Event "OLNO 2324 Forster SC 95 - SC Kreuzberg"]
[Site "?"]
[Date "2023.12.03"]
[Round "3.4"]
[White "Bielinski, Dariusz"]
[Black "Groetzbach, Julian"]
[Result "1/2-1/2"]
[WhiteElo "2139"]
[BlackElo "2247"]
[PlyCount "96"]
[EventDate "2023.??.??"]

1. d4 d5 2. c4 e6 3. Nf3 Nf6 4. g3 Bb4+ 5. Nbd2 dxc4 6. a3 Bxd2+ 7. Bxd2 b5 8. a4 c6 9. Bg2 Bb7 10. b3 cxb3 11. Qxb3 O-O 12. axb5 Qb6 13. Rb1 cxb5 14. Qxb5 Be4 15. Rb2 Qxb5 16. Rxb5 Nc6 17. O-O Bxf3 18. Bxf3 Nxd4 19. Bxa8 Nxb5 20. Bg2 Rd8 21. Ba5 Rc8 22. Rb1 Nd6 23. Ra1 h6 24. e3 Rc2 25. Be1 Rc7 26. Ba5 Rc2 27. Bb4 Nde4 28. Be1 Rc7 29. Kf1 g5 30. Ra4 Nc3 31. Ra3 Ncd5 32. h3 Nd7 33. Bf3 Kg7 34. Bxd5 exd5 35. Bc3+ f6 36. Bd4 Nb6 37. Ra6 Rb7 38. Ke2 Kf7 39. Kf3 h5 40. g4 hxg4+ 41. Kxg4 Kg6 42. f4 f5+ 43. Kf3 Kh5 44. fxg5 Kxg5 45. Kg3 Re7 46. Kf3 Rh7 47. Kg3 Re7 48. Kf3 Rh7 1/2-1/2

[Event "OLNO 2324 Forster SC 95 - SC Kreuzberg"]
[Site "?"]
[Date "2023.12.03"]
[Round "3.5"]
[White "Moritz, Aron"]
[Black "Pryvalov, Ivan"]
[Result "1/2-1/2"]
[WhiteElo "2207"]
[BlackElo "2079"]
[PlyCount "128"]
[EventDate "2023.??.??"]

1. e4 c5 2. Nf3 d6 3. d4 cxd4 4. Nxd4 Nf6 5. Nc3 Nc6 6. Bg5 e6 7. Qd2 a6 8. f3 h6 9. Be3 d5 10. exd5 Nxd5 11. Nxd5 Qxd5 12. Nxc6 Qxd2+ 13. Bxd2 bxc6 14. Bc3 c5 15. Bc4 Bb7 16. Rd1 h5 17. Kf2 h4 18. Rd2 Rd8 19. Rxd8+ Kxd8 20. Rd1+ Ke8 21. Be5 Rh5 22. f4 Rh6 23. Be2 Rg6 24. Bf3 Bxf3 25. Kxf3 f6 26. Bc7 Be7 27. Rd3 Rh6 28. Ra3 Kd7 29. Bb6 e5 30. Rxa6 exf4 31. Ra7+ Ke6 32. Kxf4 g5+ 33. Kf3 Rh8 34. a4 f5 35. h3 Rg8 36. Bc7 g4+ 37. Kf2 Kd5 38. Bf4 Bf6 39. c3 Kc4 40. Rf7 Rg6 41. a5 Bd8 42. Rxf5 gxh3 43. gxh3 Bxa5 44. Be3 Bb6 45. Rf4+ Kb3 46. Rxh4 Kxb2 47. c4 Kc3 48. Ke2 Bd8 49. Rh5 Be7 50. Bxc5 Bxc5 51. Rxc5 Rg3 52. Rh5 Kxc4 53. Kf2 Ra3 54. Kg2 Kd4 55. Rf5 Ke4 56. Rf8 Ke5 57. h4 Ke6 58. h5 Ke7 59. Rf1 Ra5 60. Rh1 Kf7 61. Kf3 Kg7 62. Kg4 Ra4+ 63. Kg5 Ra5+ 64. Kg4 Ra4+ 1/2-1/2

[Event "OLNO 2324 Forster SC 95 - SC Kreuzberg"]
[Site "?"]
[Date "2023.12.03"]
[Round "3.6"]
[White "Dabrowski, Grzegorz"]
[Black "Dathe, Frederick"]
[Result "1/2-1/2"]
[WhiteElo "2092"]
[BlackElo "2143"]
[PlyCount "67"]
[EventDate "2023.??.??"]

1. e4 c5 2. Nf3 d6 3. d4 cxd4 4. Nxd4 Nf6 5. Nc3 a6 6. Be3 e5 7. Nb3 Be7 8. f3 Be6 9. Qd2 O-O 10. O-O-O Nbd7 11. g4 b5 12. g5 b4 13. Ne2 Ne8 14. f4 a5 15. f5 a4 16. Nbd4 exd4 17. Nxd4 b3 18. Kb1 bxc2+ 19. Nxc2 Bb3 20. axb3 axb3 21. Na3 Ne5 22. Be2 Ra4 23. Qd5 Bxg5 24. Bb5 Rxa3 25. Bxg5 Ra1+ 26. Kxa1 Qa5+ 27. Kb1 Qa2+ 28. Kc1 Qa1+ 29. Kd2 Qxb2+ 30. Ke3 Ng4+ 31. Kf3 Qf2+ 32. Kxg4 Qg2+ 33. Kf4 Qf2+ 34. Kg4 1/2-1/2

[Event "OLNO 2324 Forster SC 95 - SC Kreuzberg"]
[Site "?"]
[Date "2023.12.03"]
[Round "3.7"]
[White "Vogel, Constantin"]
[Black "Stahr, Ralf-Peter"]
[Result "1-0"]
[WhiteElo "2139"]
[BlackElo "2066"]
[PlyCount "71"]
[EventDate "2023.??.??"]

1. c4 c5 2. g3 Nc6 3. Bg2 Nf6 4. Nc3 e6 5. e4 d5 6. exd5 exd5 7. Nxd5 Nxd5 8. cxd5 Nb4 9. Ne2 Nd3+ 10. Kf1 Qf6 11. Qa4+ Bd7 12. Qe4+ Ne5 13. f4 Bd6 14. Kg1 O-O 15. fxe5 Bxe5 16. Qf3 Qb6 17. h3 Bxb2 18. Bxb2 Qxb2 19. Qc3 Qb6 20. Kh2 Qd6 21. Rac1 Rac8 22. Nf4 b5 23. Nd3 c4 24. Ne5 Bf5 25. Rhf1 g6 26. Nc6 a6 27. Rce1 Rce8 28. h4 h5 29. Qd4 Bd7 30. Rf6 Qa3 31. Ne5 Bf5 32. d6 Rd8 33. Nc6 Rd7 34. Ne7+ Kh7 35. Nxf5 gxf5 36. Qf4 1-0

[Event "OLNO 2324 Forster SC 95 - SC Kreuzberg"]
[Site "?"]
[Date "2023.12.03"]
[Round "3.8"]
[White "Szylko, Waldemar"]
[Black "Flood, Yosime"]
[Result "1/2-1/2"]
[WhiteElo "1913"]
[BlackElo "1868"]
[PlyCount "131"]
[EventDate "2023.??.??"]

1. e4 c6 2. Nc3 d5 3. Nf3 dxe4 4. Nxe4 Nf6 5. Ng3 h5 6. h4 Bg4 7. Be2 e6 8. d4 Nbd7 9. Bg5 Be7 10. Qd2 Qb6 11. O-O Rd8 12. c3 c5 13. Qc2 O-O 14. Rad1 Qc7 15. Rfe1 Rfe8 16. Rd2 g6 17. Bd3 Bxf3 18. gxf3 Kg7 19. dxc5 Nxc5 20. Bf1 Rxd2 21. Qxd2 Rd8 22. Qc2 Nd5 23. Qc1 Bxg5 24. Qxg5 Nf6 25. f4 Nh7 26. Qe5+ Qxe5 27. Rxe5 b6 28. Re2 Rd1 29. Kg2 Nf6 30. Rc2 Nd3 31. Bxd3 Rxd3 32. c4 Kf8 33. b4 Ke7 34. f3 Kd7 35. Kf2 a5 36. Ke2 Ra3 37. bxa5 Rxa5 38. Nf1 Kc6 39. Ne3 Ra3 40. Rb2 Ra4 41. Kd3 Nd7 42. Nc2 e5 43. Nb4+ Kc5 44. Kc3 Ra3+ 45. Rb3 Rxb3+ 46. axb3 exf4 47. Nd3+ Kd6 48. Nxf4 Ne5 49. b4 Nxf3 50. Ng2 f6 51. Kd3 g5 52. hxg5 fxg5 53. Ke4 Nd2+ 54. Kd3 h4 55. Ne3 Nf3 56. Ke4 Nd2+ 57. Kd3 Nf3 58. Ke4 Ne5 59. c5+ bxc5 60. bxc5+ Ke6 61. Nf5 Nf7 62. Nd4+ Kd7 63. Kf5 Ke7 64. Nf3 Kd7 65. Kg4 Kc6 66. Nxg5 1/2-1/2

[Event "OLNO 2324 SV Empor Berlin - SG Güstrow-"]
[Site "?"]
[Date "2023.12.03"]
[Round "3.1"]
[White "Von Alvensleben, Wolfram"]
[Black "Volke, Karsten"]
[Result "1-0"]
[WhiteElo "2240"]
[BlackElo "2435"]
[PlyCount "125"]
[EventDate "2023.??.??"]

1. d4 Nf6 2. Nf3 g6 3. Bf4 d6 4. e3 Bg7 5. Be2 O-O 6. O-O Nbd7 7. h3 Ne4 8. c3 e5 9. Bh2 Qe7 10. Na3 Nb6 11. Qc2 Ng5 12. Nxg5 Qxg5 13. f4 Qe7 14. fxe5 dxe5 15. Nc4 Qg5 16. Kh1 exd4 17. exd4 Bf5 18. Qd2 Qxd2 19. Nxd2 Rfe8 20. Bf3 c6 21. Rae1 Na4 22. Nc4 Bd3 23. Nd6 Rxe1 24. Rxe1 Ba6 25. Bd1 Nxb2 26. Bb3 Bf6 27. Bxf7+ Kf8 28. Bb3 Rd8 29. Re3 c5 30. dxc5 Nd3 31. Ne4 Re8 32. Rf3 Rxe4 33. Rxf6+ Ke8 34. Bd6 Bb5 35. Bd5 Re1+ 36. Kh2 Bc6 37. Bxc6+ bxc6 38. Rf8+ Kd7 39. Rf7+ Ke6 40. Rxh7 Rc1 41. Re7+ Kf5 42. Rxa7 Rxc3 43. Rf7+ Ke4 44. Rf6 g5 45. Re6+ Kd4 46. Rg6 Nxc5 47. Bf8 Re3 48. Rxc6 Ne4 49. a4 Re2 50. a5 Ra2 51. a6 Ke5 52. Bg7+ Kf4 53. Bd4 g4 54. hxg4 Ng5 55. Rf6+ Ke4 56. Bg1 Nh7 57. Rf7 Ng5 58. Rf5 Ne6 59. a7 Nd4 60. Rf7 Nc6 61. g5 Ne5 62. Rf8 Nf3+ 63. Rxf3 1-0

[Event "OLNO 2324 SV Empor Berlin - SG Güstrow-"]
[Site "?"]
[Date "2023.12.03"]
[Round "3.2"]
[White "Thinius, Marco"]
[Black "Seiler, Dirk"]
[Result "1/2-1/2"]
[WhiteElo "2355"]
[BlackElo "2127"]
[PlyCount "66"]
[EventDate "2023.??.??"]

1. Nf3 c5 2. c4 b6 3. g3 Bb7 4. Bg2 Nf6 5. O-O e6 6. Nc3 a6 7. d4 cxd4 8. Qxd4 d6 9. Rd1 Qc7 10. Ng5 Bxg2 11. Kxg2 Nc6 12. Qd2 Be7 13. b3 O-O 14. Ba3 Rad8 15. Rac1 Qb7 16. f3 b5 17. cxb5 axb5 18. Nce4 b4 19. Bb2 Nd5 20. Kh1 h6 21. Nh3 f5 22. Nef2 Bf6 23. Nf4 Nxf4 24. gxf4 Bxb2 25. Qxb2 e5 26. fxe5 dxe5 27. Nd3 e4 28. Nc5 Qe7 29. Rxd8 Rxd8 30. fxe4 fxe4 31. Qc2 e3 32. Qc4+ Kh8 33. Qe4 Qxe4+ 1/2-1/2

[Event "OLNO 2324 SV Empor Berlin - SG Güstrow-"]
[Site "?"]
[Date "2023.12.03"]
[Round "3.3"]
[White "Luther, Alexander"]
[Black "Foerster, Jonas"]
[Result "0-1"]
[WhiteElo "2082"]
[BlackElo "2275"]
[PlyCount "42"]
[EventDate "2023.??.??"]

1. d4 Nf6 2. c4 e6 3. Nc3 Bb4 4. f3 c5 5. d5 b5 6. e4 bxc4 7. Nge2 exd5 8. exd5 O-O 9. Ng3 Bxc3+ 10. bxc3 Qa5 11. Bb2 d6 12. Bxc4 Ba6 13. Bxa6 Qxa6 14. Qd2 Nbd7 15. Nf5 Rfe8+ 16. Kf2 Re5 17. g4 c4 18. Rhe1 Rae8 19. a4 Qb6+ 20. Nd4 Nc5 21. a5 Qxb2 0-1

[Event "OLNO 2324 SV Empor Berlin - SG Güstrow-"]
[Site "?"]
[Date "2023.12.03"]
[Round "3.4"]
[White "Urban, Julian"]
[Black "Kiel, Bernd"]
[Result "1-0"]
[WhiteElo "2231"]
[BlackElo "2003"]
[PlyCount "165"]
[EventDate "2023.??.??"]

1. b3 d5 2. Bb2 c5 3. e3 Nc6 4. Bb5 Nf6 5. Nf3 Bg4 6. h3 Bh5 7. g4 Bg6 8. Ne5 Rc8 9. h4 d4 10. Bxc6+ bxc6 11. Nxg6 hxg6 12. Qf3 e5 13. Na3 Nd5 14. Qe4 Bd6 15. Nc4 Nf6 16. Qg2 Bb8 17. O-O-O Qd5 18. f3 Nd7 19. e4 Qe6 20. d3 Nb6 21. Nd2 a5 22. a4 Bd6 23. Rh3 Rb8 24. Nc4 Be7 25. Rdh1 Nxc4 26. dxc4 Kd7 27. Qd2 Ra8 28. Kb1 Kc7 29. Bc1 Kb6 30. Qe2 Rae8 31. Bd2 Ka6 32. Ka2 f5 33. gxf5 gxf5 34. Qg2 f4 35. h5 Rh6 36. Be1 Reh8 37. Qd2 Bd8 38. Qg2 g6 39. Qg4 Qxg4 40. fxg4 gxh5 41. gxh5 Rg8 42. Kb1 Kb7 43. Kc1 Kc8 44. Kd1 Rg2 45. R1h2 Rxh2 46. Rxh2 Bc7 47. Ke2 Kd7 48. Kf3 Ke6 49. Kg4 Bd8 50. Rh3 Rh8 51. h6 Rg8+ 52. Kf3 Kf7 53. Rh5 Bf6 54. Bxa5 Rg3+ 55. Kf2 d3 56. cxd3 Rxd3 57. h7 Bh8 58. Bc7 Kg6 59. Rf5 Rxb3 60. Bxe5 Bxe5 61. Rxe5 Kxh7 62. Rxc5 Ra3 63. Rxc6 Rxa4 64. Kf3 Kg7 65. Kxf4 Kf7 66. Ke5 Ra1 67. Rc7+ Ke8 68. c5 Rh1 69. Kd5 Rd1+ 70. Ke6 Kd8 71. Rh7 Rg1 72. e5 Rc1 73. Rh8+ Kc7 74. Ke7 Rxc5 75. e6 Rc1 76. Rh2 Rc3 77. Rd2 Rc1 78. Ke8 Re1 79. e7 Rc1 80. Re2 Rc3 81. Kf7 Rf3+ 82. Kg6 Rg3+ 83. Kf5 1-0

[Event "OLNO 2324 SV Empor Berlin - SG Güstrow-"]
[Site "?"]
[Date "2023.12.03"]
[Round "3.5"]
[White "Gebert-Vangeel, Ralf"]
[Black "Nitsche-Hahn, Raphael"]
[Result "0-1"]
[WhiteElo "1995"]
[BlackElo "2124"]
[PlyCount "110"]
[EventDate "2023.??.??"]

1. e4 c5 2. Nf3 Nc6 3. Bb5 Nf6 4. e5 Nd5 5. O-O Nc7 6. Bxc6 dxc6 7. d3 Bg4 8. Be3 Ne6 9. Nbd2 g6 10. h3 Bxf3 11. Qxf3 Bg7 12. Qe4 Qd5 13. f4 O-O-O 14. Qa4 Kb8 15. b4 g5 16. fxg5 Bxe5 17. Rae1 Rhg8 18. Nf3 Bc3 19. Rb1 Bd4 20. Bxd4 Nxd4 21. bxc5 Qxc5 22. Kh1 Nxf3 23. Rxf3 Qxg5 24. Rg1 f6 25. Qe4 Rg7 26. Rf4 Qd5 27. Qxd5 Rxd5 28. Re1 Kc7 29. Rfe4 Kd6 30. Re6+ Kd7 31. R6e4 e5 32. g4 Ke6 33. Kh2 c5 34. Ra4 b6 35. Rae4 Rd4 36. R1e3 Rgd7 37. Kg3 Rxe4 38. Rxe4 Rd4 39. Re1 c4 40. Re3 cxd3 41. cxd3 Ra4 42. Re2 Ra3 43. Rd2 e4 44. Kf4 exd3 45. Ke4 Rc3 46. Kd4 Rc2 47. Rxd3 Rxa2 48. Re3+ Kf7 49. Kd5 Ra4 50. Rf3 Rb4 51. Kd6 h6 52. Rc3 a5 53. Rg3 a4 54. h4 Kg6 55. Ke6 b5 0-1

[Event "OLNO 2324 SV Empor Berlin - SG Güstrow-"]
[Site "?"]
[Date "2023.12.03"]
[Round "3.6"]
[White "Jahn, Thomas"]
[Black "Dettmann, Gerd"]
[Result "1-0"]
[WhiteElo "2180"]
[BlackElo "2120"]
[PlyCount "81"]
[EventDate "2023.??.??"]

1. e4 c5 2. Nf3 d6 3. d4 cxd4 4. Nxd4 Nf6 5. Nc3 a6 6. Bg5 Nbd7 7. Qe2 e6 8. f4 Qc7 9. Bxf6 Nxf6 10. O-O-O Be7 11. g4 d5 12. e5 Nd7 13. Bg2 Nb6 14. h4 Bd7 15. Rh3 O-O-O 16. Nxd5 exd5 17. Rc3 Bc5 18. b4 Na4 19. Rdd3 Kb8 20. bxc5 Nxc3 21. Rxc3 Qa5 22. Qe3 Bc6 23. Bf1 Rc8 24. Nf5 Rc7 25. Nd6 Bb5 26. Bxb5 axb5 27. c6 b4 28. Rc5 Qb6 29. Qd4 Rxc6 30. Rxd5 Qa6 31. Rb5 Qa3+ 32. Kb1 Rc7 33. Rxb4 Qf3 34. Ra4 Rd7 35. Qa7+ Kc7 36. Rc4+ Kd8 37. Rc8+ Ke7 38. Nf5+ Ke6 39. Qb6+ Kd5 40. Rc5+ Ke4 41. Qb4+ 1-0

[Event "OLNO 2324 SV Empor Berlin - SG Güstrow-"]
[Site "?"]
[Date "2023.12.03"]
[Round "3.7"]
[White "Waschk, Armin"]
[Black "Dimitriadis, Pavlos"]
[Result "1/2-1/2"]
[WhiteElo "2118"]
[BlackElo "1989"]
[PlyCount "59"]
[EventDate "2023.??.??"]

1. e4 Nc6 2. d4 d5 3. e5 Bf5 4. c3 Qd7 5. Bd3 f6 6. Qh5+ g6 7. Bxf5 Qxf5 8. Qxf5 gxf5 9. f4 fxe5 10. fxe5 e6 11. Nf3 Nh6 12. Ng5 Nd8 13. Nd2 Nhf7 14. Ndf3 c5 15. Be3 Rc8 16. Rc1 Be7 17. h4 Nxg5 18. hxg5 Nf7 19. Kf2 cxd4 20. cxd4 Rxc1 21. Bxc1 O-O 22. Ke2 Rc8 23. Kd3 Kg7 24. Bd2 b5 25. Rh4 a5 26. g4 fxg4 27. Rxg4 b4 28. b3 Nh8 29. Rg1 Nf7 30. Rh1 1/2-1/2

[Event "OLNO 2324 SV Empor Berlin - SG Güstrow-"]
[Site "?"]
[Date "2023.12.03"]
[Round "3.8"]
[White "Nitsche, Nikolai"]
[Black "Dettmann, Holger"]
[Result "1-0"]
[WhiteElo "1874"]
[BlackElo "2001"]
[PlyCount "83"]
[EventDate "2023.??.??"]

1. Nf3 d5 2. g3 g6 3. Bg2 Bg7 4. O-O Nf6 5. c4 O-O 6. cxd5 Nxd5 7. Nc3 c6 8. e4 Nb6 9. d4 Bg4 10. Ne2 Qc8 11. Re1 N8d7 12. h3 Bxf3 13. Bxf3 Nf6 14. Bg2 Rd8 15. Bf4 Nh5 16. Bg5 Nf6 17. Rc1 Qd7 18. a4 Rac8 19. a5 Na8 20. Qb3 b6 21. h4 h6 22. Bxf6 exf6 23. Nf4 Rb8 24. Nxg6 bxa5 25. Qa2 Kh7 26. Nf4 Rb4 27. e5 fxe5 28. dxe5 Rdb8 29. Bxc6 Qf5 30. Qd5 Nc7 31. Qf3 Kg8 32. Be4 Qd7 33. Nh5 Ne8 34. Nf6+ Nxf6 35. exf6 Bh8 36. Rcd1 Rd4 37. Rxd4 Qxd4 38. Qg4+ Kf8 39. Qf4 Rxb2 40. Qxh6+ Ke8 41. Bf3+ Kd7 42. Rd1 1-0

[Event "OLNO 2324 SK König Tegel - Mattnetz Ber"]
[Site "?"]
[Date "2023.12.03"]
[Round "3.1"]
[White "Hesse, Henrik"]
[Black "Bruedigam, Martin"]
[Result "1/2-1/2"]
[WhiteElo "2328"]
[BlackElo "2365"]
[PlyCount "64"]
[EventDate "2023.??.??"]

1. c4 e6 2. g3 d5 3. Bg2 d4 4. Nf3 Nc6 5. O-O Bc5 6. d3 Nf6 7. Nbd2 a5 8. Nb3 Be7 9. a4 e5 10. e3 dxe3 11. Bxe3 Ng4 12. Bc5 Bxc5 13. Nxc5 O-O 14. Re1 Qd6 15. Ne4 Qh6 16. h3 Nf6 17. d4 exd4 18. Nxd4 Nb4 19. Qf3 Nxe4 20. Rxe4 c6 21. Rd1 g6 22. Re7 Bxh3 23. Bxh3 Qxh3 24. Qf6 Rae8 25. Rde1 Rxe7 26. Rxe7 Qh6 27. Kg2 Qg7 28. Qd6 Nd5 29. Re4 Qf6 30. Qd7 Nb4 31. Qxb7 c5 32. Ne2 Qxb2 {...149.} 1/2-1/2

[Event "OLNO 2324 SK König Tegel - Mattnetz Ber"]
[Site "?"]
[Date "2023.12.03"]
[Round "3.2"]
[White "Rietze, Clemens"]
[Black "Tscheuschner, Georg"]
[Result "1-0"]
[WhiteElo "2333"]
[BlackElo "2261"]
[PlyCount "33"]
[EventDate "2023.??.??"]

1. d4 Nf6 2. c4 e6 3. Nf3 d5 4. g3 dxc4 5. Bg2 c5 6. Qa4+ Nbd7 7. Qxc4 a6 8. Qc2 b5 9. Ne5 Nd5 10. Nxd7 Bxd7 11. Bxd5 exd5 12. dxc5 Be6 13. Bf4 d4 14. f3 d3 15. exd3 Qd5 16. Nd2 Bxc5 17. Rc1 1-0

[Event "OLNO 2324 SK König Tegel - Mattnetz Ber"]
[Site "?"]
[Date "2023.12.03"]
[Round "3.3"]
[White "Petersen, Marcel"]
[Black "Rabiega, Robert"]
[Result "1/2-1/2"]
[WhiteElo "2097"]
[BlackElo "2464"]
[PlyCount "26"]
[EventDate "2023.??.??"]

1. e4 e5 2. Nf3 Nc6 3. Bc4 Bc5 4. c3 d6 5. d3 h6 6. Be3 Bb6 7. a4 Nf6 8. O-O O-O 9. Re1 Re8 10. b4 Bxe3 11. fxe3 a6 12. Nbd2 Ne7 13. Ba2 Ng6 1/2-1/2

[Event "OLNO 2324 SK König Tegel - Mattnetz Ber"]
[Site "?"]
[Date "2023.12.03"]
[Round "3.4"]
[White "Richter, Michael"]
[Black "Schnabel, Bennett"]
[Result "1-0"]
[WhiteElo "2429"]
[BlackElo "2023"]
[PlyCount "73"]
[EventDate "2023.??.??"]

1. Nf3 f5 2. b3 d6 3. d4 e6 4. Bb2 Nf6 5. g3 Be7 6. Bg2 O-O 7. O-O a5 8. c4 Ne4 9. Nfd2 Nxd2 10. Qxd2 c5 11. Nc3 Ra6 12. Rad1 Nc6 13. d5 exd5 14. Qxd5+ Kh8 15. e3 Bd7 16. Qd2 Be6 17. Qe2 Qc8 18. Rd2 Ne5 19. f4 Nf7 20. Qf3 Rb6 21. Qd1 Ra6 22. Qc2 Re8 23. a4 Bf8 24. Re1 Bd7 25. Bd5 Nh6 26. Rde2 Bc6 27. Qd3 Ra8 28. h3 Qd7 29. Kh2 Ng8 30. e4 fxe4 31. Nxe4 Bxd5 32. Qxd5 Nh6 33. Nxc5 Rxe2+ 34. Rxe2 Qc6 35. Ne6 Qxd5 36. cxd5 Kg8 37. Rc2 1-0

[Event "OLNO 2324 SK König Tegel - Mattnetz Ber"]
[Site "?"]
[Date "2023.12.03"]
[Round "3.5"]
[White "Pererva, Viktor"]
[Black "Acikel, Mert"]
[Result "1-0"]
[WhiteElo "2019"]
[BlackElo "2253"]
[PlyCount "105"]
[EventDate "2023.??.??"]

1. d4 d5 2. Nf3 Nf6 3. Bf4 e6 4. e3 Bd6 5. Nbd2 O-O 6. c3 c5 7. Bd3 Nc6 8. Bg3 Re8 9. Ne5 Qc7 10. f4 c4 11. Bc2 b5 12. e4 Ne7 13. O-O Bb7 14. Nxf7 dxe4 15. Nxd6 Qxd6 16. Qe2 Qd5 17. Bh4 e3 18. Bxf6 exd2 19. Bxe7 Rxe7 20. Qxd2 e5 21. Rae1 e4 22. Re3 Rf8 23. Qe2 h6 24. g3 a5 25. b3 Bc6 26. Rb1 Kh8 27. a4 Rfe8 28. axb5 Bxb5 29. b4 axb4 30. Rxb4 Ra8 31. Rxe4 Ra1+ 32. Rb1 Rea7 33. Re5 Qc6 34. Rc5 Qb7 35. Qe4 Qxe4 36. Bxe4 Bd7 37. Rxa1 Rxa1+ 38. Kf2 Bg4 39. Rxc4 Ra2+ 40. Ke3 Re2+ 41. Kd3 Rxh2 42. Rb4 Kg8 43. Bg6 Kf8 44. d5 Ke7 45. Kd4 Rg2 46. Ke5 Rxg3 47. Rb7+ Kd8 48. c4 Rc3 49. Kd4 Rf3 50. f5 Rf4+ 51. Kc5 Be2 52. Kd6 Rxc4 53. Rb8+ 1-0

[Event "OLNO 2324 SK König Tegel - Mattnetz Ber"]
[Site "?"]
[Date "2023.12.03"]
[Round "3.7"]
[White "Muench, Robert"]
[Black "Jahnz, Fabian"]
[Result "0-1"]
[WhiteElo "2020"]
[BlackElo "2258"]
[PlyCount "60"]
[EventDate "2023.??.??"]

1. d4 d5 2. g3 Bf5 3. Bg2 c6 4. Nf3 e6 5. Nh4 Be4 6. f3 Bg6 7. Nxg6 hxg6 8. O-O c5 9. c3 Nc6 10. Be3 Qb6 11. Qd2 Nh6 12. Bf2 cxd4 13. cxd4 Nf5 14. e4 dxe4 15. fxe4 Nfxd4 16. e5 Rd8 17. Qd3 Qxb2 18. Nd2 Bb4 19. Nc4 Ne2+ 20. Kh1 Rxd3 21. Nxb2 Nxg3+ 22. Bxg3 Rxg3 23. Nc4 Rc3 24. Nd6+ Bxd6 25. exd6 Rd3 26. Rab1 Nd8 27. Bxb7 Rxd6 28. Bg2 Rh4 29. h3 Rhd4 30. Rb8 Rd1 0-1

[Event "OLNO 2324 SK König Tegel - Mattnetz Ber"]
[Site "?"]
[Date "2023.12.03"]
[Round "3.8"]
[White "Dimitrijeski, Kristian"]
[Black "Verbitsky, Jaroslaw"]
[Result "0-1"]
[WhiteElo "2125"]
[BlackElo "1966"]
[PlyCount "124"]
[EventDate "2023.??.??"]

1. d4 Nf6 2. c4 e6 3. Nf3 d5 4. Nc3 Bb4 5. cxd5 exd5 6. Bg5 h6 7. Bxf6 Qxf6 8. Qb3 Qb6 9. e3 Bf5 10. Qxd5 Be6 11. Qb5+ c6 12. Qd3 Nd7 13. Be2 O-O-O 14. O-O g5 15. Qc2 Kb8 16. a3 Be7 17. Na4 Qc7 18. Nc5 Nxc5 19. dxc5 Rd5 20. b4 g4 21. Nd4 Rh5 22. g3 Bc8 23. Rfd1 Rg5 24. Qb2 Rd8 25. Qb3 h5 26. Qxf7 Rf8 27. Qb3 Qe5 28. Rf1 h4 29. Rad1 Rh5 30. f4 gxf3 31. Nxf3 Qg7 32. Nxh4 Rxh4 33. Rxf8 Bxf8 34. Rf1 Re4 35. Bf3 Re8 36. Bg2 Qe5 37. Qd3 Bh6 38. e4 Bg7 39. Kh1 Qd4 40. Qe2 Rh8 41. Rb1 Qc3 42. Qf3 Qxf3 43. Bxf3 Be5 44. Kg2 Bh3+ 45. Kf2 Bd4+ 46. Ke2 Be6 47. Kd3 Be5 48. Rh1 Kc7 49. Bg2 b5 50. cxb6+ axb6 51. a4 c5 52. bxc5 bxc5 53. Rc1 c4+ 54. Ke3 Rxh2 55. Bf1 Bb2 56. Rb1 c3 57. Bd3 Bb3 58. a5 Bc2 59. Bxc2 Rxc2 60. a6 Rd2 61. e5 Rd8 62. a7 c2 0-1

[Event "OLNO 2324 SC Empor Potsdam - SV Empor Be"]
[Site "?"]
[Date "2024.01.14"]
[Round "4.1"]
[White "Perunovic, Milos"]
[Black "Tschernatsch, Johannes"]
[Result "1-0"]
[WhiteElo "2532"]
[BlackElo "2342"]
[PlyCount "77"]
[EventDate "2024.??.??"]

1. e4 c5 2. Nf3 d6 3. d4 cxd4 4. Nxd4 Nf6 5. Nc3 a6 6. Be3 e5 7. Nb3 Be7 8. Rg1 h5 9. h3 Be6 10. Qf3 h4 11. O-O-O Nbd7 12. g3 hxg3 13. fxg3 Rc8 14. Nd5 Bxd5 15. exd5 Nb6 16. Kb1 e4 17. Qe2 Nbxd5 18. Bd4 O-O 19. c4 Nc7 20. g4 Ne6 21. g5 Nh7 22. g6 Nhg5 23. h4 Nf3 24. Qxe4 Nxg1 25. Bd3 Bf6 26. gxf7+ Kxf7 27. Bxf6 Qxf6 28. Rf1 Qxf1+ 29. Bxf1 Ke7 30. Bg2 Rf4 31. Qe3 Rcxc4 32. Qxg1 Rxh4 33. Bd5 Rcg4 34. Qe3 Rg6 35. a3 Kd7 36. Qf2 Nf4 37. Qxh4 Nxd5 38. Qe1 Rg5 39. Nd4 1-0

[Event "OLNO 2324 SC Empor Potsdam - SV Empor Be"]
[Site "?"]
[Date "2024.01.14"]
[Round "4.2"]
[White "Penzold, Andreas"]
[Black "Ivanisevic, Ivan"]
[Result "0-1"]
[WhiteElo "2357"]
[BlackElo "2517"]
[PlyCount "56"]
[EventDate "2024.??.??"]

1. c4 e5 2. Nc3 Nc6 3. g3 f5 4. Bg2 Nf6 5. d3 Bb4 6. Bd2 O-O 7. a3 Bxc3 8. Bxc3 d6 9. Nf3 Qe8 10. O-O Bd7 11. b4 a6 12. a4 Kh8 13. b5 Nd8 14. Qd2 Ne6 15. Qb2 f4 16. d4 e4 17. Nh4 Ng5 18. d5 Qh5 19. f3 e3 20. Kh1 Nh3 21. b6 Nf2+ 22. Kg1 Qg5 23. Bxf6 Rxf6 24. Rxf2 fxg3 25. hxg3 Qxg3 26. Rff1 Qxh4 27. Ra3 Rg6 28. Rxe3 Qg5 0-1

[Event "OLNO 2324 SC Empor Potsdam - SV Empor Be"]
[Site "?"]
[Date "2024.01.14"]
[Round "4.3"]
[White "Volke, Karsten"]
[Black "Schoene, Ralf"]
[Result "1/2-1/2"]
[WhiteElo "2427"]
[BlackElo "2235"]
[PlyCount "31"]
[EventDate "2024.??.??"]

1. e4 e5 2. Nf3 Nc6 3. Bc4 Bc5 4. O-O Nf6 5. d4 Bxd4 6. Nxd4 Nxd4 7. f4 d6 8. fxe5 dxe5 9. Bg5 Be6 10. Na3 Qe7 11. c3 Bxc4 12. Bxf6 gxf6 13. Nxc4 Ne6 14. b4 Rg8 15. Kh1 Rg6 16. Ne3 1/2-1/2

[Event "OLNO 2324 SC Empor Potsdam - SV Empor Be"]
[Site "?"]
[Date "2024.01.14"]
[Round "4.4"]
[White "Trenner, Rolf"]
[Black "Thinius, Marco"]
[Result "0-1"]
[WhiteElo "2132"]
[BlackElo "2352"]
[PlyCount "64"]
[EventDate "2024.??.??"]

1. d4 Nf6 2. c4 e6 3. Nc3 Bb4 4. Qb3 c5 5. dxc5 Nc6 6. Nf3 Ne4 7. Be3 Qa5 8. Rc1 O-O 9. g3 Nxc3 10. bxc3 Bxc5 11. Bd2 Qc7 12. e3 Na5 13. Qa4 b6 14. Nd4 Bb7 15. Rg1 Rfc8 16. Bd3 Bf8 17. c5 bxc5 18. Nb5 Qd8 19. c4 Nc6 20. f4 d5 21. cxd5 exd5 22. Bf5 a6 23. Nc3 d4 24. Ne2 Rc7 25. Kf2 Qf6 26. Bb1 dxe3+ 27. Bxe3 Re8 28. Rge1 Qh6 29. h4 Qh5 30. Be4 Rxe4 31. Qxe4 Ne5 32. Qxb7 Nd3+ 0-1

[Event "OLNO 2324 SC Empor Potsdam - SV Empor Be"]
[Site "?"]
[Date "2024.01.14"]
[Round "4.5"]
[White "Foerster, Jonas"]
[Black "Jaeger, Uwe"]
[Result "0-1"]
[WhiteElo "2280"]
[BlackElo "2204"]
[PlyCount "72"]
[EventDate "2024.??.??"]

1. d4 d5 2. c4 e6 3. Nc3 Nf6 4. Bg5 Be7 5. e3 c6 6. Nf3 O-O 7. Bd3 Nbd7 8. O-O Re8 9. Rc1 a6 10. a3 dxc4 11. Bxc4 Nd5 12. Bxe7 Qxe7 13. Ne4 h6 14. Ne5 N5f6 15. Ng3 Rd8 16. f4 c5 17. Qb3 cxd4 18. exd4 Qd6 19. Nf5 Qb6 20. Qg3 exf5 21. Nxf7 Kh7 22. Nxd8 Qxd8 23. Be6 Nb6 24. d5 Nbxd5 25. Rxc8 Rxc8 26. Bxf5+ Kh8 27. Bxc8 Qxc8 28. f5 Ne4 29. Qh4 Qc5+ 30. Kh1 Qd4 31. Qe1 Ndf6 32. g3 Qxb2 33. Qe3 Qb5 34. Kg1 Qd5 35. h3 b5 36. Kg2 Nd2+ 0-1

[Event "OLNO 2324 SC Empor Potsdam - SV Empor Be"]
[Site "?"]
[Date "2024.01.14"]
[Round "4.6"]
[White "Bachmann, Volker"]
[Black "Nitsche-Hahn, Raphael"]
[Result "1/2-1/2"]
[WhiteElo "2066"]
[BlackElo "2131"]
[PlyCount "116"]
[EventDate "2024.??.??"]

1. d4 Nf6 2. c4 e6 3. Nc3 Bb4 4. Qc2 c5 5. dxc5 O-O 6. a3 Bxc5 7. Nf3 Nc6 8. Bg5 Be7 9. e3 d5 10. cxd5 Nxd5 11. Bxe7 Qxe7 12. Bd3 Nxc3 13. Qxc3 e5 14. Be4 Re8 15. O-O Bd7 16. Rfd1 h6 17. Qd2 Rad8 18. Qd6 Kf8 19. Qxe7+ Rxe7 20. Bxc6 bxc6 21. b4 Ke8 22. Rac1 Bg4 23. Rxd8+ Kxd8 24. Rxc6 Rd7 25. h3 Bxf3 26. gxf3 a5 27. bxa5 Rd5 28. Ra6 Rd3 29. Ra7 Ke8 30. Kg2 Rxa3 31. Kg3 Ra4 32. a6 g6 33. Ra8+ Ke7 34. a7 h5 35. e4 Kf6 36. f4 exf4+ 37. Kxf4 Ra5 38. e5+ Kg7 39. Ke4 Ra1 40. f4 Ra2 41. Kd5 Ra1 42. Ke4 Ra3 43. Kd4 Ra1 44. Ke3 Ra3+ 45. Ke4 Ra4+ 46. Kd5 Ra1 47. Kd6 Ra2 48. Ke7 Ra3 49. Ke8 Ra1 50. Rd8 Rxa7 51. Rd7 Ra8+ 52. Ke7 Ra4 53. Ke8 Kg8 54. f5 gxf5 55. Rd1 Ra8+ 56. Ke7 Ra7+ 57. Kf6 Ra6+ 58. Kxf5 Rg6 1/2-1/2